| 000 | 00921cam a22002897a 4500 | ||
|---|---|---|---|
| 001 | 16257431 | ||
| 005 | 20180313053915.0 | ||
| 008 | 100528s2010 inua 001 0 eng | ||
| 010 | _a 2010929738 | ||
| 015 |
_aGBB055546 _2bnb |
||
| 016 | 7 |
_a015540953 _2Uk |
|
| 020 | _a9780470591666 (pbk.) | ||
| 020 | _a0470591668 (pbk.) | ||
| 035 | _a(OCoLC)ocn654884252 | ||
| 040 |
_aCGB _cCGB _dUKM _dBTCTA _dYDXCP _dNUI _dCDX _dFDA _dUKMGB _dBDX _dDLC |
||
| 041 | _aeng | ||
| 042 | _alccopycat | ||
| 080 | _a005.7565 | ||
| 082 | 0 | 4 |
_a005.7565 HEN _222 |
| 100 | _a30 | ||
| 101 | _aSHKI | ||
| 245 | 0 | 0 |
_aMicrosoft Access 2010 programmer's reference / _cTeresa Hennig ... [et al.]. |
| 246 | 3 | _aAccess 2010 programmer's reference | |
| 906 |
_a7 _bcbc _ccopycat _d2 _encip _f20 _gy-gencatlg |
||
| 942 |
_2ddc _cBK |
||
| 999 |
_c44866 _d44866 |
||